Sustainable Growth through Rational Education Process and Creative Industry Clustering
Racionalizácia spoločného európskeho vyššieho vzdelávania. Kreatívna politika klastrov v rámci regiónov. Snaha o udržateľný rozvoj spoločnosti. Racionálny vzdelávací proces v rámci Európskej únie. Tvorba kreatívnych klastrov.
Saved in:
| Main Author: | |
|---|---|
| Format: | Book Chapter |
| Language: | English |
| Subjects: | |
| Tags: |
No Tags, Be the first to tag this record!
|
MARC
| LEADER | 00000naa a2200000 4500 | ||
|---|---|---|---|
| 001 | 0135297 | ||
| 005 | 20240604114425.0 | ||
| 041 | 0 | |a eng | |
| 044 | |a UA | ||
| 245 | 1 | 0 | |a Sustainable Growth through Rational Education Process and Creative Industry Clustering |c Lenka Dubovická |
| 520 | |a Racionalizácia spoločného európskeho vyššieho vzdelávania. Kreatívna politika klastrov v rámci regiónov. Snaha o udržateľný rozvoj spoločnosti. Racionálny vzdelávací proces v rámci Európskej únie. Tvorba kreatívnych klastrov. | ||
| 610 | 2 | 0 | |a rozvoj trvalo udržateľný |
| 610 | 2 | 0 | |a vzdelávanie vysokoškolské |
| 610 | 2 | 0 | |a racionalizácia |
| 610 | 2 | 0 | |a klaster |
| 610 | 2 | 0 | |a priemysel |
| 610 | 2 | 0 | |a Európska únia |
| 100 | 1 | |a Dubovická, Lenka | |